00908nam a2200229 a 450000100100000000500170001000800410002702000150006804000250008308200150010810000280012324501490015126000800030030000170038050000370039770000340043470000380046870000330050604900090053995201130054899900170066100002468720200930023317.0110131s2001 mx r 000 | spa d a9686384502 aDO-SdBNPbspacBNPHU axxxbH919M1 aMinguet, Charles92392310aHumboldt :bel otro descubrimiento /cCharles Minguet ; prólogo Leopoldo Zea ; traducción Jorge Padín Videla ; edición Hernán Taboada. aMéxico, D. F. :bInstituto Panamericano de Geografía e Historia,c2001. av. ;c22 cm. aLa biblioteca posee el volumen 21 aZea, Leopoldoepról.9232641 aPadín Videla, Jorgeetr.9405951 aTaboada, Hernáneed.93676 aBNGR 001050718MOaGRbGRcCTd2011-02-02iLF1l0oxxx H919Mp24687-10r2020-06-25w2020-06-25y1ZNo se presta c24180d24180